[Event "Alcorcon Diagonal op 2nd"]
[Site "Alcorcon"]
[Date "2023.12.27"]
[Round "3"]
[White "Iglesias Montes, Lucas"]
[Black "Perez Hernandez, Alfonso"]
[Result "0-1"]
[WhiteElo "1234"]
[BlackElo "1669"]
[PlyCount "130"]
[EventDate "2023.12.26"]
[EventType "swiss"]
[EventRounds "9"]
[EventCountry "ESP"]
[SourceTitle "CB01_2024"]
[SourceDate "2024.01.03"]
[SourceVersion "1"]
[SourceVersionDate "2024.01.03"]
[SourceQuality "1"]

1. c4 Nf6 2. g3 g6 3. Bg2 Bg7 4. Nf3 d6 5. Nc3 e5 6. 0-0 Nc6 7. d3 0-0 8. Bd2 h6 9. Rb1 a5 10. a3 Rb8 11. b4 axb4 12. axb4 Be6 13. c5 Nh5 14. cxd6 cxd6 15. b5 Ne7 16. e3 Qd7 17. d4 Bh3 18. dxe5 Bxg2 19. Kxg2 dxe5 20. Ne4 Rfd8 21. Nc5 Qd5 22. Bb4 Nf6 23. Qxd5 Nfxd5 24. Rfd1 Nxb4 25. Rxd8+ Rxd8 26. Rxb4 b6 27. Ne4 f5 28. Nc3 Rc8 29. Na4 Nd5 30. Rb3 e4 31. Nd4 Bxd4 32. exd4 Rc4 33. Ra3 Rxd4 34. Nc3 Rd3 35. Ra8+ Kf7 36. Na4 Rb3 37. Rc8 Rxb5 38. Nc3 Nxc3 39. Rxc3 Rc5 40. Rb3 b5 41. Kf1 Ke6 42. Ke2 Kd5 43. Rb4 Kc6 44. Ke3 g5 45. Kd4 Rd5+ 46. Kc3 Kc5 47. Rb2 b4+ 48. Kb3 Rd3+ 49. Kc2 Kc4 50. h3 b3+ 51. Kc1 Kc3 52. Re2 Rd5 53. Rb2 Rd1+ 54. Kxd1 Kxb2 55. Kd2 Ka1 56. h4 b2 57. hxg5 hxg5 58. Ke3 b1Q 59. Kd4 Qb5 60. g4 Kb2 61. gxf5 Qxf5 62. Ke3 Kc3 63. Ke2 Qf3+ 64. Ke1 Kd3 65. Kf1 Qh1# 0-1

[Event "ESP-ch U10"]
[Site "Salobrena"]
[Date "2023.07.04"]
[Round "3"]
[White "Iglesias Flores, Marcos"]
[Black "Iglesias Montes, Lucas"]
[Result "0-1"]
[WhiteElo "1395"]
[BlackElo "1141"]
[PlyCount "155"]
[EventDate "2023.07.03"]
[EventType "swiss"]
[EventRounds "9"]
[EventCountry "ESP"]
[SourceTitle "EXT 2024"]
[Source "ChessBase"]
[SourceDate "2023.10.10"]
[SourceVersion "1"]
[SourceVersionDate "2023.10.10"]
[SourceQuality "1"]

1. e4 e6 2. d4 d5 3. e5 c5 4. c3 Nc6 5. Nf3 Nge7 6. a3 Bd7 7. Be2 Qb6 8. b4 cxd4 9. cxd4 Nf5 10. Be3 Be7 11. 0-0 0-0-0 12. Nc3 g5 13. Na4 Qc7 14. Rc1 a6 15. Nc5 Bxc5 16. Rxc5 Kb8 17. Bxg5 Rde8 18. a4 b6 19. Rc2 Qb7 20. Qd2 Nce7 21. b5 a5 22. Rfc1 Rc8 23. g4 Rhg8 24. Kh1 h6 25. gxf5 hxg5 26. Rxc8+ Bxc8 27. f6 Nf5 28. Nxg5 Nxd4 29. Qxd4 Rxg5 30. Rc6 Ka7 31. Qc3 Kb8 32. Qe3 Rg8 33. Rxb6 d4+ 34. Rxb7+ Bxb7+ 35. Qf3 Bxf3+ 36. Bxf3 Rg5 37. Be2 Rxe5 38. Bd3 Re1+ 39. Kg2 Ra1 40. Bc2 Ra2 41. Bb3 Rb2 42. Bd1 d3 43. Kf3 Rb4 44. Ke3 Rh4 45. Kxd3 Rxh2 46. f4 Rh1 47. Bc2 Rh6 48. Ke4 Rxf6 49. Ke5 Rh6 50. f5 exf5 51. Kxf5 Rh2 52. Bb3 Rf2+ 53. Ke5 f5 54. Bd5 Rf1 55. Bc4 Rf2 56. Bd5 f4 57. Ke4 Rb2 58. Kxf4 Rb4+ 59. Ke3 Rxa4 60. Kd3 Rb4 61. Bc4 Kb7 62. Kc3 Kb6 63. Bd3 Kc5 64. Be2 a4 65. b6 Rxb6 66. Bc4 Rb4 67. Ba2 a3 68. Bb3 Kb5 69. Kc2 Rh4 70. Kc3 Rh2 71. Bc2 a2 72. Kb2 Rxc2+ 73. Kxc2 a1Q 74. Kd2 Qa3 75. Kc2 Kc4 76. Kd2 Qd3+ 77. Ke1 Qc2 78. Kf1 0-1

[Event "Madrid Alcorcon op 1st"]
[Site "Madrid"]
[Date "2022.12.30"]
[Round "9"]
[White "Iglesias Montes, Lucas"]
[Black "Diz Lorono, Irene"]
[Result "0-1"]
[WhiteElo "1050"]
[BlackElo "1389"]
[PlyCount "126"]
[EventDate "2022.12.26"]
[EventType "swiss"]
[EventRounds "9"]
[EventCountry "ESP"]
[SourceTitle "CBM 212 Extra"]
[Source "ChessBase"]
[SourceDate "2023.03.31"]
[SourceVersion "1"]
[SourceVersionDate "2023.03.31"]
[SourceQuality "1"]

1. c4 Nf6 2. g3 g6 3. Bg2 Bg7 4. Nc3 0-0 5. d4 d6 6. Bg5 h6 7. Bd2 Nbd7 8. Nf3 Rb8 9. 0-0 e5 10. e4 Kh7 11. dxe5 Nxe5 12. Nxe5 dxe5 13. Nd5 c6 14. Bb4 cxd5 15. Bxf8 Qxf8 16. exd5 Qc5 17. Rc1 Bg4 18. Bf3 Bxf3 19. Qxf3 Rd8 20. Rfe1 Re8 21. Qb3 Re7 22. h3 h5 23. Rcd1 Ne8 24. Rd2 Nd6 25. Rc2 e4 26. Kg2 Rc7 27. Qa4 b5 28. b4 bxa4 29. bxc5 Rxc5 30. f3 f5 31. g4 exf3+ 32. Kxf3 fxg4+ 33. hxg4 hxg4+ 34. Kxg4 Rxc4+ 35. Rxc4 Nxc4 36. Re4 Nb6 37. d6 Bf8 38. Re7+ Bxe7 39. dxe7 Nd5 40. Kg3 Nxe7 41. Kf2 Nd5 42. Ke1 g5 43. Kf2 Nb4 44. Kf3 Nxa2 45. Kg4 Nc3 46. Kxg5 a3 47. Kf4 a2 48. Ke3 a1Q 49. Kd3 a6 50. Kd2 a5 51. Kd3 a4 52. Kc2 Qb1+ 53. Kxc3 a3 54. Kd2 a2 55. Kc3 a1R 56. Kd2 Ra2+ 57. Kc3 Qb2+ 58. Kd3 Ra3+ 59. Kc4 Rh3 60. Kc5 Qd2 61. Kc4 Rc3+ 62. Kb4 Qb2+ 63. Ka4 Ra3# 0-1

[Event "Madrid Alcorcon op 1st"]
[Site "Madrid"]
[Date "2022.12.27"]
[Round "3"]
[White "Iglesias Montes, Lucas"]
[Black "Morales Clares, Aaron"]
[Result "1-0"]
[WhiteElo "1050"]
[BlackElo "1283"]
[PlyCount "81"]
[EventDate "2022.12.26"]
[EventType "swiss"]
[EventRounds "9"]
[EventCountry "ESP"]
[SourceTitle "CBM 212 Extra"]
[Source "ChessBase"]
[SourceDate "2023.03.31"]
[SourceVersion "1"]
[SourceVersionDate "2023.03.31"]
[SourceQuality "1"]

1. c4 e6 2. g3 d5 3. Bg2 Nf6 4. Nc3 Be7 5. d4 0-0 6. Nf3 c5 7. dxc5 Bxc5 8. Bg5 h6 9. Bd2 Qb6 10. e3 Bd7 11. Ne5 d4 12. Nxd7 Nbxd7 13. Na4 Qc7 14. exd4 Bxd4 15. 0-0 Qxc4 16. b3 Qd3 17. Bb4 Qxd1 18. Raxd1 Bxf2+ 19. Rxf2 Rfd8 20. Ba5 Nb6 21. Rxd8+ Rxd8 22. Nxb6 axb6 23. Bxb6 Rd1+ 24. Rf1 Rxf1+ 25. Kxf1 Nd5 26. Bxd5 exd5 27. Bc5 Kh7 28. Ke2 Kg6 29. Ke3 Kf5 30. h3 g5 31. a4 Ke5 32. b4 f5 33. Bd4+ Kd6 34. Bg7 h5 35. Bh6 g4 36. h4 Kc6 37. Kd4 b6 38. Bf4 b5 39. axb5+ Kxb5 40. Kxd5 Kxb4 41. Ke5 1-0